Statistics for Country flags with circles in the middle

Click here to take the quiz!

General Stats

  • This quiz has been taken 81 times
  • The average score is 19 of 22

Answer Stats

Answer% Correct
Bangladesh
100%
Brazil
100%
India
100%
Japan
100%
South Korea
100%
Portugal
98%
Argentina
97%
North Macedonia
93%
Tunisia
93%
North Korea
90%
Kazakhstan
88%
Uganda
85%
Kyrgyzstan
80%
Laos
80%
Paraguay
80%
Palau
78%
Niger
75%
Ethiopia
71%
Burundi
69%
Dominica
68%
Belize
66%
Grenada
63%

Score Distribution

Percentile by Number Answered

Percent of People with Each Score

Your Score History

You have not taken this quiz